[Event "Superbet POL Blitz 2024"]
[Site "Warsaw POL"]
[Date "2024.05.12"]
[Round "13.3"]
[White "Carlsen, Magnus"]
[Black "Wei, Yi"]
[Result "1-0"]
[WhiteTitle "GM"]
[BlackTitle "GM"]
[WhiteElo "2830"]
[BlackElo "2755"]
[WhiteFideId "1503014"]
[BlackFideId "8603405"]
[EventDate "2024.05.11"]

1. Nf3 d5 2. g3 g6 3. Bg2 Bg7 4. O-O e5 5. d3 Nc6 6. e4 dxe4 7. dxe4 Qxd1 8.
Rxd1 Bg4 9. c3 Nf6 10. h3 Be6 11. Ng5 Bd7 12. Nd2 h6 13. Ngf3 O-O-O 14. Re1 Be6
15. Bf1 Nd7 16. Nb3 a5 17. Be3 a4 18. Nbd2 Bf8 19. b4 axb3 20. axb3 Bc5 21. Bxc5
Nxc5 22. b4 Nd7 23. Nc4 f6 24. Ra8+ Ncb8 25. Rea1 Nb6 26. Nxb6+ cxb6 27. Nh4 Bf7
28. Ng2 Kc7 29. Ne3 Nc6 30. R8a3 Rd7 31. Bc4 Bxc4 32. Nxc4 b5 33. Ne3 Ne7 34.
Ra8 Rhd8 35. Ng4 Ng8 36. Rxd8 Rxd8 37. Kf1 h5 38. Ne3 Ne7 39. Ke2 f5 40. f3 h4
41. gxh4 Rh8 42. exf5 gxf5 43. Rg1 Kd6 44. Rg5 Rxh4 45. Rxf5 Rxh3 46. Rf6+ Kc7
47. Re6 Nc6 48. Nd5+ Kd7 49. Rg6 Rh1 50. Nf6+ Ke7 51. Ne4 Kf7 52. Rf6+ Ke7 53.
Rg6 Kf7 54. Rd6 Rh2+ 55. Kd3 Rh1 56. Rd7+ Ke6 57. Rxb7 Kf5 58. Ng3+ 1-0

[Event "Superbet POL Blitz 2024"]
[Site "Warsaw POL"]
[Date "2024.05.12"]
[Round "13.4"]
[White "Giri, Anish"]
[Black "Abdusattorov, Nodirbek"]
[Result "1-0"]
[WhiteTitle "GM"]
[BlackTitle "GM"]
[WhiteElo "2745"]
[BlackElo "2766"]
[WhiteFideId "24116068"]
[BlackFideId "14204118"]
[EventDate "2024.05.11"]

1. Nf3 c6 2. c4 d5 3. cxd5 cxd5 4. d4 Nf6 5. Nc3 a6 6. Bf4 Nc6 7. Qb3 Na5 8. Qc2
Nc6 9. e3 Nh5 10. Be5 e6 11. Be2 Be7 12. h3 Nxe5 13. dxe5 g6 14. O-O O-O 15. Qb3
b5 16. Rfd1 Bb7 17. Rac1 Qb8 18. a4 b4 19. Nb1 Ng7 20. Nbd2 Nf5 21. Bd3 a5 22.
Qc2 Rc8 23. Qb1 Qa7 24. Nb3 Bc6 25. Qa2 Bd7 26. Bxf5 gxf5 27. Nbd4 Rc7 28. Rxc7
Qxc7 29. b3 Rc8 30. Qe2 Qb6 31. Ne1 Rc3 32. Nd3 Qa6 33. Qd2 Bf8 34. Nf4 Bg7 35.
Nfe2 Rc5 36. f4 f6 37. exf6 Bxf6 38. Rc1 Qb6 39. Kf2 Kf7 40. Qd1 Ke7 41. Rc2 Kd6
42. Rxc5 Qxc5 43. Qd3 Bc8 44. g4 fxg4 45. hxg4 h6 46. Qh7 Bd7 47. Qxh6 Ke7 48.
g5 Bxd4 49. Nxd4 Qc1 50. g6 Qd2+ 51. Ne2 Qb2 52. Qh7+ Kd6 53. g7 d4 54. exd4
Qxb3 55. g8=Q 1-0

[Event "Superbet POL Blitz 2024"]
[Site "Warsaw POL"]
[Date "2024.05.12"]
[Round "13.5"]
[White "Duda, Jan-Krzysztof"]
[Black "Keymer, Vincent"]
[Result "1-0"]
[WhiteTitle "GM"]
[BlackTitle "GM"]
[WhiteElo "2734"]
[BlackElo "2726"]
[WhiteFideId "1170546"]
[BlackFideId "12940690"]
[EventDate "2024.05.11"]

1. e4 e5 2. Nf3 Nc6 3. Bb5 a6 4. Ba4 Nf6 5. O-O Be7 6. Bxc6 dxc6 7. Re1 Qd6 8.
Na3 b5 9. d4 Bg4 10. c3 Nd7 11. h3 Bh5 12. Nc2 Rd8 13. Ne3 Bg6 14. Nf5 Bxf5 15.
exf5 exd4 16. Qxd4 Nf6 17. Bf4 Qxd4 18. Nxd4 Kd7 19. Rxe7+ Kxe7 20. Nxc6+ Kd7
21. Nxd8 Kxd8 22. Rd1+ Nd7 23. f3 Kc8 24. Kf2 Nb6 25. b3 Re8 26. g4 f6 27. h4 c6
28. c4 bxc4 29. bxc4 Re7 30. Rc1 Kb7 31. Rb1 1-0

[Event "Superbet POL Blitz 2024"]
[Site "Warsaw POL"]
[Date "2024.05.12"]
[Round "14.1"]
[White "Keymer, Vincent"]
[Black "Carlsen, Magnus"]
[Result "0-1"]
[WhiteTitle "GM"]
[BlackTitle "GM"]
[WhiteElo "2726"]
[BlackElo "2830"]
[WhiteFideId "12940690"]
[BlackFideId "1503014"]
[EventDate "2024.05.11"]

1. Nf3 Nf6 2. c4 b6 3. d4 Bb7 4. g3 g6 5. Bg2 Bg7 6. O-O O-O 7. d5 Na6 8. Nc3
Nc5 9. Qc2 c6 10. dxc6 Bxc6 11. b3 d6 12. Bb2 Rc8 13. Rad1 a6 14. Nd4 Bxg2 15.
Kxg2 Qd7 16. Qd2 Rfd8 17. Qe3 Qb7+ 18. Qf3 Qxf3+ 19. Nxf3 Nfe4 20. Nxe4 Bxb2 21.
Nxc5 bxc5 22. Ne1 a5 23. Rb1 Bc3 24. a4 Bxe1 25. Rfxe1 Rb8 26. Rb2 Rb4 27. Kf3
Rdb8 28. Reb1 f5 29. Ke3 d5 30. cxd5 c4 31. f3 Kf7 32. Kd4 cxb3+ 33. Kc3 Rc8+
34. Kd3 Rc5 35. Rxb3 Rxd5+ 36. Ke3 Rxa4 37. R1b2 Rd7 38. Rb7 Ra3+ 39. Kf2 Rxb7
40. Rxb7 Rc3 41. Ra7 Rc5 42. Ke3 g5 43. Kd4 Rb5 44. Kc4 Re5 45. Kd3 f4 46. g4 h6
47. Ra6 Kg7 48. h3 Rd5+ 49. Kc3 Rb5 50. Kd2 Rb2+ 51. Kd3 Ra2 52. Ra7 Kf6 53. Ra8
a4 54. Ra5 a3 55. e3 fxe3 56. Kxe3 Ra1 57. Kf2 Ke6 58. Ra6+ Kd5 59. Kg2 e6 60.
Ra8 Kc4 61. Rc8+ Kb3 62. Rb8+ Ka2 63. Rb6 Rb1 64. Rxe6 Rb3 65. Rxh6 Kb2 66. Re6
a2 67. Re2+ Ka3 68. Rxa2+ Kxa2 69. h4 Ka3 70. hxg5 Kb4 71. g6 Kc5 72. Kg3 Kd5
73. Kf4 Ke6 74. Kg5 Rxf3 75. Kh6 Rh3+ 76. Kg7 Rg3 77. Kf8 Rf3+ 78. Kg8 Kf6 79.
g7 Kg6 80. g5 Ra3 81. Kh8 Rh3+ 82. Kg8 Rh7 0-1

[Event "Superbet POL Blitz 2024"]
[Site "Warsaw POL"]
[Date "2024.05.12"]
[Round "14.2"]
[White "Wei, Yi"]
[Black "Giri, Anish"]
[Result "1-0"]
[WhiteTitle "GM"]
[BlackTitle "GM"]
[WhiteElo "2755"]
[BlackElo "2745"]
[WhiteFideId "8603405"]
[BlackFideId "24116068"]
[EventDate "2024.05.11"]

1. d4 Nf6 2. Nc3 d5 3. Bf4 c5 4. e3 cxd4 5. exd4 a6 6. Nf3 Nc6 7. h3 Bf5 8. Bd3
Bxd3 9. Qxd3 e6 10. O-O Be7 11. Ne5 Rc8 12. Nxc6 Rxc6 13. Ne2 O-O 14. c3 Ne4 15.
a4 a5 16. Qe3 Bd6 17. Be5 Bxe5 18. dxe5 Qb6 19. Nd4 Rc4 20. Qe2 Nc5 21. Qc2 Nxa4
22. b3 Qxd4 23. bxc4 Nxc3 24. Ra3 Ne4 25. cxd5 exd5 26. Rxa5 Qxe5 27. Rb5 Nd6
28. Rb6 g6 29. Qc7 Nc4 30. Qxe5 Nxe5 31. Rd1 Rd8 32. Rb5 Nc4 33. Rdxd5 Rxd5 34.
Rxd5 Kf8 35. Rd7 b5 36. Kf1 Ke8 37. Ra7 Nd6 38. Ke2 b4 39. Ra4 b3 40. Rb4 Nf5
41. Kd3 h5 42. Rxb3 Nh4 43. g3 Nf5 44. Ke4 Kf8 45. Rf3 Nd6+ 46. Kd5 Ne8 47. Ra3
Kg7 48. Ke5 Nc7 49. Rc3 Ne6 50. Rc6 Ng5 51. h4 Nh7 52. Rb6 Nf8 53. Kd6 Kf6 54.
Rb3 Nh7 55. Rf3+ Kg7 56. Ke7 f6 57. Ra3 g5 58. Ke6 Kg6 59. Ra8 1-0

[Event "Superbet POL Blitz 2024"]
[Site "Warsaw POL"]
[Date "2024.05.12"]
[Round "14.3"]
[White "Gukesh, D"]
[Black "Duda, Jan-Krzysztof"]
[Result "0-1"]
[WhiteTitle "GM"]
[BlackTitle "GM"]
[WhiteElo "2764"]
[BlackElo "2734"]
[WhiteFideId "46616543"]
[BlackFideId "1170546"]
[EventDate "2024.05.11"]

1. d4 Nf6 2. c4 e6 3. g3 c5 4. d5 exd5 5. cxd5 d6 6. Bg2 g6 7. Nf3 Bg7 8. Nc3
O-O 9. O-O Re8 10. Bf4 h6 11. a4 g5 12. Bd2 Bf5 13. h4 g4 14. Nh2 Bg6 15. Qc1 h5
16. Rd1 Nbd7 17. Nf1 Ne5 18. Bf4 b6 19. Ne3 a6 20. Ra3 Rb8 21. Rb3 Qc7 22. Qd2
c4 23. Ra3 b5 24. axb5 axb5 25. Na2 Ne4 26. Bxe4 Bxe4 27. Nb4 Ra8 28. Rxa8 Rxa8
29. Ng2 Ng6 30. Bh6 c3 31. bxc3 Qxc3 32. Bxg7 Qxd2 33. Rxd2 Kxg7 34. Ne3 Ne5 35.
Rd1 Ra4 36. Nbc2 Kf6 37. Nd4 b4 38. f4 Nd7 39. Nc4 b3 40. Nxd6 Bxd5 41. N6b5 b2
42. Nc2 Be4 43. Nba3 Nb6 44. Rb1 Nc4 45. Nxc4 Rxc4 46. Rxb2 Rxc2 47. Rb5 Rxe2 0-1

[Event "Superbet POL Blitz 2024"]
[Site "Warsaw POL"]
[Date "2024.05.12"]
[Round "14.4"]
[White "Abdusattorov, Nodirbek"]
[Black "Erigaisi, Arjun"]
[Result "1/2-1/2"]
[WhiteTitle "GM"]
[BlackTitle "GM"]
[WhiteElo "2766"]
[BlackElo "2762"]
[WhiteFideId "14204118"]
[BlackFideId "35009192"]
[EventDate "2024.05.11"]

1. e4 c5 2. Nf3 e6 3. d4 cxd4 4. Nxd4 Nc6 5. Nc3 Nf6 6. Qd3 d6 7. Be2 Bd7 8. Be3
Be7 9. Ndb5 Nb4 10. Qd2 a6 11. Nd4 Qc7 12. O-O O-O 13. a3 Nc6 14. a4 Rac8 15.
Rfd1 Na5 16. Nb3 Nxb3 17. cxb3 Bc6 18. Bf3 Rfd8 19. a5 Qb8 20. Bb6 Rd7 21. Qe3
d5 22. e5 Ne8 23. Ne2 Nc7 24. Rac1 h6 25. Bg4 Nb5 26. f4 Bd8 27. f5 Bxb6 28.
axb6 d4 29. Nxd4 Rxd4 30. Rxd4 Nxd4 31. Qxd4 Rd8 32. Qf4 exf5 33. Bxf5 Rd5 34.
Be4 Rb5 35. Bxc6 bxc6 36. Rxc6 Rxb6 37. Qc4 Rxc6 38. Qxc6 Qxe5 39. Qc3 Qe6 40.
b4 Qd7 41. Kf2 Qf5+ 42. Ke3 Qg5+ 43. Kf2 Qf5+ 44. Kg1 Qb1+ 45. Kf2 Qf5+ 1/2-1/2

[Event "Superbet POL Blitz 2024"]
[Site "Warsaw POL"]
[Date "2024.05.12"]
[Round "14.5"]
[White "Praggnanandhaa, R"]
[Black "Shevchenko, Kirill"]
[Result "0-1"]
[WhiteTitle "GM"]
[BlackTitle "GM"]
[WhiteElo "2747"]
[BlackElo "2677"]
[WhiteFideId "25059530"]
[BlackFideId "14129574"]
[EventDate "2024.05.11"]

1. e4 c5 2. Nf3 Nc6 3. Bb5 Nf6 4. Bxc6 dxc6 5. d3 Qc7 6. Nbd2 e5 7. a4 Be6 8. b3
Be7 9. a5 Nd7 10. h4 f6 11. h5 Nf8 12. Nc4 Rd8 13. Nh4 Qd7 14. Qf3 g6 15. Bh6
Bg4 16. Qe3 g5 17. Bxf8 Kxf8 18. Nf3 Be6 19. Qd2 Rg8 20. Ne3 Qc8 21. Nh2 g4 22.
Nhf1 Rd7 23. Ng3 Rg5 24. Nef5 Kg8 25. Nxe7+ Rxe7 26. Qc3 b6 27. axb6 axb6 28. b4
cxb4 29. Qxb4 Qd8 30. Ra6 Rb7 31. Qa3 Kf7 32. Ra8 Qe7 33. Qc3 Rg8 34. Ra6 Rc8
35. O-O Qd6 36. Rb1 c5 37. Rba1 c4 38. Ra7 Qc7 39. Rxb7 Qxb7 40. Qd2 cxd3 41.
cxd3 Kg7 42. d4 exd4 43. Qxd4 Qc7 44. Qe3 Rd8 45. Kh2 Qc5 46. Qf4 Qe5 47. Qc1 b5
48. Ra7+ Rd7 49. Ra8 Rc7 50. Qd2 Qg5 51. Qd1 Rc1 52. Ra7+ Kh6 53. Qxc1 Qxc1 54.
Ra6 Qc8 55. Rb6 Qd7 56. Nf5+ Bxf5 57. Rxf6+ Kg5 58. Rxf5+ Qxf5 59. exf5 b4 0-1

[Event "Superbet POL Blitz 2024"]
[Site "Warsaw POL"]
[Date "2024.05.12"]
[Round "15.1"]
[White "Shevchenko, Kirill"]
[Black "Abdusattorov, Nodirbek"]
[Result "0-1"]
[WhiteTitle "GM"]
[BlackTitle "GM"]
[WhiteElo "2677"]
[BlackElo "2766"]
[WhiteFideId "14129574"]
[BlackFideId "14204118"]
[EventDate "2024.05.11"]

1. e4 Nc6 2. Nf3 d5 3. exd5 Qxd5 4. Nc3 Qd6 5. d4 Nf6 6. Nb5 Qd8 7. c4 a6 8. Nc3
Bg4 9. d5 Ne5 10. Be2 Bxf3 11. Bxf3 Qd7 12. Be2 O-O-O 13. Bf4 Ng6 14. Be3 e6 15.
O-O exd5 16. Nxd5 Nxd5 17. cxd5 Qxd5 18. Qa4 Bc5 19. Bf3 Qd6 20. Qb3 Bb6 21.
Rac1 Kb8 22. Rc6 bxc6 23. Bxb6 Qd3 24. Bxc7+ Kxc7 25. Qxf7+ Rd7 26. Qe6 Qd6 27.
Qe3 Kb8 28. Rc1 Ne5 29. Be2 Qd4 30. Qg3 Rf8 31. Rf1 Ka7 32. h3 c5 33. Qa3 Rf6
34. Kh1 Nd3 35. Bxd3 Qxd3 36. Qxc5+ Rb6 37. Rc1 Qd4 38. Qf8 Qxb2 39. Re1 Qd2 40.
Re8 Qd1+ 0-1

[Event "Superbet POL Blitz 2024"]
[Site "Warsaw POL"]
[Date "2024.05.12"]
[Round "15.2"]
[White "Erigaisi, Arjun"]
[Black "Wei, Yi"]
[Result "0-1"]
[WhiteTitle "GM"]
[BlackTitle "GM"]
[WhiteElo "2762"]
[BlackElo "2755"]
[WhiteFideId "35009192"]
[BlackFideId "8603405"]
[EventDate "2024.05.11"]

1. d4 Nf6 2. c4 e6 3. Nf3 d5 4. cxd5 exd5 5. Bf4 Bd6 6. Bxd6 Qxd6 7. e3 Bf5 8.
Qb3 O-O 9. Nc3 Nbd7 10. Rc1 c6 11. Nh4 Bg6 12. Nxg6 hxg6 13. Be2 b5 14. O-O a5
15. Qc2 Rfe8 16. h3 Nb6 17. Nb1 Rac8 18. Nd2 a4 19. Bd3 Re6 20. b3 Nfd7 21. Nf3
Ree8 22. Qd2 b4 23. Rc2 Ra8 24. Rfc1 Rec8 25. e4 axb3 26. axb3 dxe4 27. Bxe4 Nd5
28. Bxd5 Qxd5 29. Qxb4 Rcb8 30. Qc4 Nf6 31. Qxc6 Qxb3 32. Qxa8 Rxa8 33. Rc8+
Rxc8 34. Rxc8+ Kh7 35. Ng5+ Kh6 36. f4 Nh7 37. d5 Nxg5 38. fxg5+ Kxg5 39. d6
Qb6+ 40. Kh1 Qxd6 41. Rc1 f5 42. Rf1 Kh4 43. Rf3 Qe5 44. Kg1 g5 0-1

[Event "Superbet POL Blitz 2024"]
[Site "Warsaw POL"]
[Date "2024.05.12"]
[Round "15.3"]
[White "Carlsen, Magnus"]
[Black "Duda, Jan-Krzysztof"]
[Result "1-0"]
[WhiteTitle "GM"]
[BlackTitle "GM"]
[WhiteElo "2830"]
[BlackElo "2734"]
[WhiteFideId "1503014"]
[BlackFideId "1170546"]
[EventDate "2024.05.11"]

1. Nf3 Nf6 2. g3 d5 3. Bg2 c5 4. c4 d4 5. b4 cxb4 6. a3 bxa3 7. O-O Nc6 8. d3 e5
9. Qa4 Bd7 10. Bxa3 Bxa3 11. Qxa3 Qe7 12. Nbd2 Qxa3 13. Rxa3 Ke7 14. Rb1 Rab8
15. Ne1 Rhc8 16. Nc2 a6 17. f4 Ng4 18. fxe5 Ngxe5 19. Nf3 Nxf3+ 20. Bxf3 b5 21.
Bxc6 Rxc6 22. Nxd4 Rd6 23. e3 Rc8 24. cxb5 axb5 25. Nxb5 Rb6 26. Rab3 Rc2 27.
Nd4 Rxb3 28. Rxb3 Rd2 29. Nf3 Re2 30. e4 f6 31. Kf1 Ra2 32. Rb7 Kd6 33. h4 h6
34. Ke1 Rg2 35. d4 Rxg3 36. Kf2 Rg4 37. e5+ Kc6 38. Ra7 Be6 39. Ra6+ Kd7 40. d5
Bxd5 41. Rd6+ Ke7 42. Rxd5 fxe5 43. Rxe5+ Kf6 44. Ra5 Rb4 45. Kg3 Rb3 46. Ra6+
Kf5 47. h5 Rc3 48. Rg6 Rc7 49. Nd4+ Ke5 50. Ne2 Kf5 51. Kf3 Rb7 52. Nd4+ Ke5 53.
Ke3 Rb1 54. Rxg7 Rh1 55. Ra7 Rh3+ 56. Nf3+ Kf5 57. Ra5+ Kg4 58. Ra4+ Kf5 59.
Rf4+ Ke6 60. Rh4 Rg3 61. Kf4 Rg8 62. Rg4 Rf8+ 63. Ke4 Ra8 64. Rg6+ Kf7 65. Ne5+
Ke7 66. Rxh6 1-0

[Event "Superbet POL Blitz 2024"]
[Site "Warsaw POL"]
[Date "2024.05.12"]
[Round "15.4"]
[White "Giri, Anish"]
[Black "Keymer, Vincent"]
[Result "1-0"]
[WhiteTitle "GM"]
[BlackTitle "GM"]
[WhiteElo "2745"]
[BlackElo "2726"]
[WhiteFideId "24116068"]
[BlackFideId "12940690"]
[EventDate "2024.05.11"]

1. Nf3 Nf6 2. c4 e6 3. Nc3 d5 4. d4 c5 5. cxd5 cxd4 6. Qxd4 exd5 7. Bg5 Be7 8.
e3 O-O 9. Be2 h6 10. Bxf6 Bxf6 11. Qd2 Be6 12. O-O Nc6 13. Rfd1 Qb6 14. Nxd5
Bxd5 15. Qxd5 Rad8 16. Qe4 Qxb2 17. Bc4 Qxa1 18. Rxa1 Bxa1 19. g4 Rfe8 20. Qb1
Na5 21. Bb5 Bc3 22. Bxe8 Rxe8 23. Qd3 Rc8 24. Qd7 Rb8 25. Qd3 Bf6 26. h4 Rd8 27.
Qb5 b6 28. g5 hxg5 29. hxg5 Bc3 30. Qa6 Ra8 31. Qd3 Rc8 32. Qd7 Ra8 33. g6 Rf8
34. Ng5 fxg6 35. Qe6+ 1-0

[Event "Superbet POL Blitz 2024"]
[Site "Warsaw POL"]
[Date "2024.05.12"]
[Round "15.5"]
[White "Praggnanandhaa, R"]
[Black "Gukesh, D"]
[Result "1-0"]
[WhiteTitle "GM"]
[BlackTitle "GM"]
[WhiteElo "2747"]
[BlackElo "2764"]
[WhiteFideId "25059530"]
[BlackFideId "46616543"]
[EventDate "2024.05.11"]

1. e4 e5 2. Nf3 Nc6 3. Bb5 a6 4. Ba4 Nf6 5. O-O Be7 6. d3 b5 7. Bb3 d6 8. c3 O-O
9. Nbd2 Na5 10. Bc2 c5 11. Re1 Re8 12. Nf1 h6 13. d4 cxd4 14. cxd4 exd4 15. Nxd4
Bf8 16. b3 Bb7 17. Ng3 Nc6 18. Bb2 Ne5 19. Qd2 h5 20. h3 g6 21. Rad1 Rc8 22. Bb1
h4 23. Nf1 Kh7 24. f4 Bh6 25. Qf2 Ned7 26. e5 dxe5 27. fxe5 Rxe5 28. Rxe5 Nxe5
29. Re1 Nfd7 30. Nf5 Nf3+ 31. gxf3 Qg5+ 32. Qg2 Qf4 33. Nxh6 Kxh6 34. Qd2 Qxd2
35. Nxd2 Bd5 36. Kf2 Be6 37. Ne4 Nb6 38. Bc1+ Kg7 39. Ng5 Bd5 40. Be3 Nd7 41.
Rd1 Bc6 42. Ne4 Nf8 43. Bd4+ Kh6 44. Bf6 Ne6 45. Bxh4 f5 46. Nd6 Rb8 47. Rc1 Bd5
48. Bf6 Nf4 49. Be5 1-0

[Event "Superbet POL Blitz 2024"]
[Site "Warsaw POL"]
[Date "2024.05.12"]
[Round "16.1"]
[White "Abdusattorov, Nodirbek"]
[Black "Praggnanandhaa, R"]
[Result "1-0"]
[WhiteTitle "GM"]
[BlackTitle "GM"]
[WhiteElo "2766"]
[BlackElo "2747"]
[WhiteFideId "14204118"]
[BlackFideId "25059530"]
[EventDate "2024.05.11"]

1. d4 Nf6 2. c4 e6 3. Bf4 Bb4+ 4. Nd2 Nc6 5. Nf3 d6 6. a3 Bxd2+ 7. Qxd2 Qe7 8.
d5 Nd8 9. Bg5 h6 10. Bxf6 Qxf6 11. e3 e5 12. Be2 Qg6 13. O-O O-O 14. b4 b6 15.
c5 bxc5 16. bxc5 e4 17. Nh4 Qf6 18. g3 dxc5 19. Rac1 Nb7 20. Rc4 Re8 21. Ng2 Bd7
22. Rb1 Rab8 23. Nf4 Qe5 24. Rc2 Nd6 25. Rxb8 Rxb8 26. Rxc5 Qa1+ 27. Rc1 Qxa3
28. Kg2 Rb2 29. Qd4 Rb4 30. Qc5 Bb5 31. Qxc7 Bxe2 32. Nxe2 Rb2 33. Rc3 Qa6 34.
Nf4 Rb1 35. Rc1 Rxc1 36. Qxc1 Qb6 37. Qc3 a5 38. Nh5 f6 39. Qc2 Kf7 40. g4 g6
41. Nf4 g5 42. Ne6 Ke7 43. Nd4 Kd7 44. Qa4+ Ke7 45. Nc6+ Kf7 46. Nxa5 Qc7 47.
Nc6 Qc8 48. Qa7+ Kf8 49. Qe7+ Kg8 50. Qxd6 Qxg4+ 51. Qg3 Qd7 52. Qb8+ 1-0

[Event "Superbet POL Blitz 2024"]
[Site "Warsaw POL"]
[Date "2024.05.12"]
[Round "16.2"]
[White "Duda, Jan-Krzysztof"]
[Black "Giri, Anish"]
[Result "1-0"]
[WhiteTitle "GM"]
[BlackTitle "GM"]
[WhiteElo "2734"]
[BlackElo "2745"]
[WhiteFideId "1170546"]
[BlackFideId "24116068"]
[EventDate "2024.05.11"]

1. d4 d5 2. c4 e6 3. Nc3 Nf6 4. cxd5 exd5 5. Bg5 c6 6. e3 Bf5 7. Qb3 Qb6 8. Bxf6
gxf6 9. Kd2 Nd7 10. Bd3 Be6 11. Nf3 Qxb3 12. axb3 Nb6 13. Nh4 Bb4 14. Kc2 Kd7
15. Rhc1 a6 16. Ne2 Nc8 17. Ng3 Nd6 18. h3 Ke7 19. Ra4 a5 20. Raa1 Rac8 21. Kd1
b6 22. Ngf5+ Nxf5 23. Nxf5+ Bxf5 24. Bxf5 Rc7 25. Ke2 h6 26. Kf3 Rg8 27. h4 c5
28. Rc2 Rd8 29. Rac1 Kf8 30. Kg4 Re7 31. Rd1 Kg7 32. Kh3 Rd6 33. Rcc1 Re8 34.
Kg4 Re7 35. Kf3 Re8 36. Rh1 h5 37. Rhd1 Red8 38. g3 Kh6 39. Kf4 Re8 40. Rd3 Red8
41. Bh3 cxd4 42. exd4 Re8 43. Kf3 Kg6 44. Re3 Rdd8 45. Rc6 Bd2 46. Rd3 Bb4 47.
Rxb6 Re1 48. Kg2 Re2 49. Rf3 Rd6 50. Rb7 Rxb2 51. Bf5+ Kg7 52. Re3 Rc6 53. Be6
Rcc2 54. Rxf7+ Kg6 55. Rf3 f5 56. R3xf5 1-0

[Event "Superbet POL Blitz 2024"]
[Site "Warsaw POL"]
[Date "2024.05.12"]
[Round "16.3"]
[White "Gukesh, D"]
[Black "Carlsen, Magnus"]
[Result "0-1"]
[WhiteTitle "GM"]
[BlackTitle "GM"]
[WhiteElo "2764"]
[BlackElo "2830"]
[WhiteFideId "46616543"]
[BlackFideId "1503014"]
[EventDate "2024.05.11"]

1. e4 g6 2. d4 d6 3. Nc3 c6 4. Be3 Nf6 5. Qd2 Nbd7 6. f3 b5 7. h4 Nb6 8. Bd3 h5
9. O-O-O Bg7 10. Nh3 Bxh3 11. gxh3 e6 12. f4 d5 13. e5 Nfd7 14. Rhg1 Bf8 15.
Rxg6 Nc4 16. Qg2 Ndxe5 17. Rg3 Nxd3+ 18. cxd3 Nxe3 19. Rxe3 Qxh4 20. Rf1 Bd6 21.
Kb1 O-O-O 22. Qc2 Kb7 23. Ne2 Rhg8 24. f5 exf5 25. Ref3 Rd7 26. a4 a6 27. Rxf5
Qxh3 28. Rxf7 Rc8 29. Nc1 Rxf7 30. Rxf7+ Rc7 31. Rf6 Be7 32. Rf2 Qe3 33. Nb3
bxa4 34. Re2 Qg1+ 35. Nc1 Qxd4 36. Rh2 h4 37. Ne2 Qb4 38. Nc3 a3 39. Qd1 Bd6 40.
Rc2 h3 41. Ka2 h2 42. bxa3 Qxa3+ 43. Kb1 Ka7 0-1

[Event "Superbet POL Blitz 2024"]
[Site "Warsaw POL"]
[Date "2024.05.12"]
[Round "16.4"]
[White "Wei, Yi"]
[Black "Shevchenko, Kirill"]
[Result "1/2-1/2"]
[WhiteTitle "GM"]
[BlackTitle "GM"]
[WhiteElo "2755"]
[BlackElo "2677"]
[WhiteFideId "8603405"]
[BlackFideId "14129574"]
[EventDate "2024.05.11"]

1. e4 c5 2. Nf3 Nc6 3. Bb5 Nf6 4. Bxc6 dxc6 5. d3 Bg4 6. h3 Bh5 7. g4 Bg6 8. Bf4
c4 9. Nc3 cxd3 10. cxd3 e6 11. Ne5 Nd7 12. Nxg6 hxg6 13. d4 Be7 14. Qd2 Qa5 15.
O-O-O Rd8 16. Kb1 e5 17. dxe5 Nxe5 18. Qc2 Rxd1+ 19. Rxd1 Rxh3 20. Nd5 cxd5 21.
Bxe5 Qc5 22. Qa4+ b5 23. Qa6 f6 24. Rc1 Qb6 25. Qc8+ Kf7 26. Bg3 Qe6 27. Qxe6+
Kxe6 28. Rc6+ Kd7 29. exd5 Bd8 30. Rc5 a6 31. Rc6 a5 32. Ra6 Rh1+ 33. Kc2 Re1
34. Ra7+ Kc8 35. Rxg7 Re2+ 36. Kc3 f5 37. Rxg6 fxg4 38. Rc6+ Kb7 39. Rd6 Bb6 40.
Re6 b4+ 41. Kc4 Rc2+ 42. Kb3 Rd2 43. Kc4 Rd4+ 44. Kb3 Rxd5 45. Rg6 Rf5 46. Rxg4
Bxf2 47. Bd6 Kc6 48. Be7 Kb5 49. Kc2 Be3 50. Re4 Rf2+ 51. Kd3 Bb6 52. Re5+ Kc6
53. Re6+ Kb5 54. a4+ bxa3 55. bxa3 a4 56. Re5+ Kc6 57. Re1 Rf3+ 58. Ke4 Rb3 59.
Bb4 Kb5 60. Rc1 Re3+ 61. Kd5 Rd3+ 62. Ke4 Rb3 63. Kd5 Rd3+ 64. Ke4 Rd4+ 65. Ke5
Rc4 66. Rb1 Kc6 67. Rd1 Bc7+ 68. Ke6 Re4+ 69. Kf5 Re5+ 70. Kf6 Re4 71. Rc1+ Kb7
72. Rd1 Re2 73. Rd5 Bb6 74. Kf5 Kc6 75. Rd6+ Kb5 76. Rd7 Kc4 77. Rb7 Bd4 78. Bd6
Rb2 79. Rc7+ Kd5 80. Bb4 Rf2+ 81. Kg4 Rb2 82. Kf5 Rf2+ 83. Kg4 Ke4 84. Re7+ Kd3
85. Rd7 Kc4 86. Kg3 Rb2 87. Kf3 Rf2+ 88. Ke4 Re2+ 89. Kf3 Re8 90. Rb7 Rc8 91.
Ke4 Re8+ 92. Kf3 Re6 93. Kf4 Re2 94. Bd6 Rb2 95. Rc7+ Kb3 96. Rb7+ Ka2 97. Rd7
Bc3 98. Rc7 Rb3 99. Rc4 Be1 100. Ke4 Bg3 101. Bc5 Rb5 102. Bb4 Bb8 103. Kd3 Ba7
104. Rc2+ Kb1 105. Rh2 Rd5+ 106. Kc4 Rf5 107. Bd6 Rf3 108. Kb4 Rd3 109. Be5 Re3
110. Bd6 Re4+ 111. Kb5 Bd4 112. Bb4 Bb2 113. Kxa4 Bxa3 114. Kxa3 Kc1 115. Kb3
Rd4 116. Re2 Rd5 117. Re4 Rd3+ 118. Bc3 Rd8 119. Re1+ Rd1 120. Re8 Rd7 121. Re1+
Rd1 122. Re2 Rd8 123. Rh2 Rb8+ 124. Bb4 Rd8 125. Rh7 Rd3+ 126. Bc3 Rd8 127. Re7
Rb8+ 128. Bb4 Rd8 129. Ra7 Kd1 130. Ra2 Rd7 131. Kc4 Rc7+ 132. Bc5 Kc1 133. Rg2
Rc8 134. Kd4 Kb1 135. Bb4 Rc2 136. Rg3 Kb2 137. Bc3+ Kb3 138. Ba5+ Ka4 139. Bb6
Kb5 140. Rb3+ Kc6 141. Ba5 Rc1 142. Rb6+ Kd7 143. Rg6 Rd1+ 144. Ke5 Rd3 145. Bb6
Rh3 146. Bd4 Rh5+ 147. Ke4 Rb5 148. Be5 Rb1 149. Kd5 Rb5+ 150. Kd4 Rb1 151. Kc5
Rc1+ 152. Kd5 Rd1+ 153. Bd4 Rd2 154. Rg7+ Kd8 155. Ke5 Kc8 1/2-1/2

[Event "Superbet POL Blitz 2024"]
[Site "Warsaw POL"]
[Date "2024.05.12"]
[Round "16.5"]
[White "Keymer, Vincent"]
[Black "Erigaisi, Arjun"]
[Result "0-1"]
[WhiteTitle "GM"]
[BlackTitle "GM"]
[WhiteElo "2726"]
[BlackElo "2762"]
[WhiteFideId "12940690"]
[BlackFideId "35009192"]
[EventDate "2024.05.11"]

1. c4 e5 2. d3 d6 3. Nf3 f5 4. b4 Nf6 5. Bb2 Be7 6. Nc3 O-O 7. e3 h6 8. g3 Qe8
9. Bg2 Be6 10. O-O Nbd7 11. b5 Rc8 12. a4 c6 13. a5 a6 14. bxa6 bxa6 15. Na4 Rb8
16. c5 Bb3 17. Qc1 Bxa4 18. cxd6 Bb5 19. dxe7 Qxe7 20. Rd1 Qe6 21. Nh4 Nd5 22.
e4 fxe4 23. dxe4 Nb4 24. Qc3 c5 25. Nf5 Nd3 26. Ba3 c4 27. Bxf8 Rxf8 28. Ra2
N7c5 29. Ne3 Nb3 30. Nf5 g6 31. Ne3 Nd4 32. f4 Kh7 33. Nd5 Qg4 34. Rf1 Ne2+ 35.
Rxe2 Qxe2 36. Qa3 Rf7 37. Qd6 Ne1 38. Rf2 Qd3 39. fxe5 Rxf2 40. Qe7+ Kh8 41. Nf6
Rxg2+ 0-1